[Event "Norway Chess 6th"]
[Site "Stavanger"]
[Date "2018.06.06"]
[Round "8"]
[White "Nakamura, Hikaru"]
[Black "Karjakin, Sergey"]
[Result "1-0"]
[WhiteElo "2769"]
[BlackElo "2782"]
[Annotator "Roiz,M"]
[PlyCount "81"]
[EventDate "2018.05.28"]
[EventType "tourn"]
[EventRounds "9"]
[EventCountry "NOR"]
[EventCategory "22"]
[SourceTitle "CBM 185"]
[Source "ChessBase"]
[SourceDate "2018.07.13"]
[SourceVersion "1"]
[SourceVersionDate "2018.07.13"]
[SourceQuality "1"]

1. c4 Nf6 2. Nc3 e5 3. Nf3 Nc6 4. g3 Bb4 (4... d5 {Sergey has wide experience
in another main line -} 5. cxd5 Nxd5 6. Bg2 Nb6 {, but this time he enters
into the sharper one.}) 5. Bg2 O-O 6. O-O e4 {The most ambitious choice.} ({
Both} 6... d6) ({and} 6... Re8 {also were tested on the highest level.}) 7. Ng5
Bxc3 8. bxc3 Re8 {This position was first seen in the middle of 60'es, but it
gained popularity mostly after the Kasparov - Karpov match in Seville 1987.} 9.
f3 exf3 10. Nxf3 d5 {The most common. Even though White has the bishop pair,
Black feels free to open up the position. Indeed, at the moment Black's pieces
are better mobilised.} ({The alternative} 10... Qe7 {has also been seen in
Karjakin's White's practice:} 11. e3 Ne5 12. Nh4 ({Amove worth considering is} 
12. Nd4 $5 d6 13. d3 c5 14. Nf5 Bxf5 15. Rxf5 d5 16. cxd5 c4 17. d4 Nd3 18. Bd2
Ne4 19. Bxe4 Qxe4 20. Qf3 Qxf3 21. Rxf3 Rad8 $132 {Tomashevsky,E - Korotylev,A
Sochi 2017}) 12... d6 13. d3 Ng6 14. Nxg6 {Karjakin,S - Eljanov,P Baku 2015;
in this complex position draw was agreed.}) 11. d4 dxc4 12. Bg5 ({The
relatively recent} 12. Qc2 $5 h6 13. Bf4 {yielded White a memorable victory in
Caruana,F - Anand,V Moscow 2016.}) 12... h6 13. Bxf6 Qxf6 14. Nd2 $146 {
Hikaru comes up with a natural novelty.} (14. e4 Bg4 15. Qa4 Qd6 16. Rae1 (16.
Qxc4 Na5 17. Qb5 b6 18. Nd2 Qd7 $132) 16... Rab8 17. Qxc4 b5 18. e5 bxc4 19.
exd6 cxd6 20. Rxe8+ Rxe8 21. Nd2 Na5 {led to equal endgame in Aronian,L -
Anand,V Saint Louis 2015.}) 14... Qe7 $6 {Too passive. As often happens in
such sharp positions, one mistake might invite serious troubles.} ({A much
better try was} 14... Qg6 $1 {, diminishing White's control of e4. The play
might continue:} 15. e4 ({After} 15. Nxc4 Bf5 16. Qb3 Be4 17. Bxe4 Rxe4 18.
Qxb7 Rb8 19. Qxc7 Rxe2 {Black has full compensation for the pawn due to
activity of all his pieces.}) 15... b5 16. e5 (16. a4 $6 b4 17. Nxc4 Ba6 18.
Qb3 Rad8 $15 {makes White's pawn centre very fragile.}) 16... Rb8 17. Be4 (17.
Ne4 Ne7 18. Nc5 Bf5 $132) 17... Qe6 ({Another possibility is} 17... f5 $5 18.
exf6 Rxe4 19. Nxe4 Qxe4 20. Qe1 Qxe1 21. Raxe1 gxf6 22. Rxf6 Bb7 23. d5 Na5 24.
Re7 Bxd5 25. Rxc7 Rb6 $11) 18. Qf3 Nd8 19. Rae1 Bb7 20. d5 Qxe5 21. Bh7+ Kxh7
22. Rxe5 Rxe5 23. Qf4 Rxd5 24. Qe4+ Kg8 {White has nothing better than forcing
a draw by perpetual.}) 15. e4 Na5 $6 {Black's knight's desertion of the centre
makes it easier for Hikaru to extend his initiative.} ({The attempt to protect
the pawn by means of} 15... Qa3 16. Qc2 Qa6 {looks too awkward, so after} 17.
e5 Ne7 18. Rf2 Be6 19. Ne4 $36 {White's initiative is lasting itself.}) ({
In comparison to the above-mentioned note, after} 15... b5 16. e5 {the Nc6 is
hanging, and White manages to develop a powerful initiative:} Bb7 17. Rb1 a6
18. Nxc4 Rad8 19. Ne3 {Despite the material balance, Black's position is
practically lost.}) ({A better attempt was} 15... Rb8 16. Nxc4 Be6 17. Qe2 (17.
Ne3 Na5 $14) 17... Rbd8 18. Rae1 f6 $14 {Black's position is passive, but
rather solid.}) 16. e5 Be6 $2 {Alas, Sergey fails to put up resistance and
loses on the spot.} ({It was necessary to put some pressure on White's pawn
centre:} 16... c5 17. Ne4 cxd4 18. cxd4 Nc6 19. Nd6 Rf8 $16) 17. Ne4 Rad8 18.
Qh5 {White's queen is joining the attack with killing effect.} b5 {Desperation.
Obviously, Black has no time for creating any counterplay on the queenside.}
19. Nf6+ ({An even more effective move would be} 19. Rf6 Qf8 20. Raf1 b4 21.
Rg6 bxc3 22. Nf6+ Kh8 23. Nxe8 Rxe8 24. Be4 $18) 19... Kh8 (19... gxf6 20. Rxf6
Qf8 21. Rxh6 Qg7 22. Be4 $18) 20. d5 ({The prosaic} 20. Nxe8 Rxe8 21. Rf2 $18 {
would be good enough too.}) 20... Bxd5 (20... Qc5+ 21. Rf2 $18) 21. Bxd5 Rxd5
22. Nxe8 Rxe5 (22... Qxe8 23. Qxf7 Rxe5 24. Qxe8+ Rxe8 {leads to the same}) 23.
Qxf7 Qxe8 24. Qxe8+ Rxe8 25. Rae1 $18 {Despite the approximate material
balance Black's position is absolutely lost - the rooks are very powerful,
whereas the Na5 is poor.} Rxe1 26. Rxe1 c5 27. Kf2 b4 28. Ke3 bxc3 ({Or} 28...
b3 29. Ke4 bxa2 30. Ra1 $18) 29. Rc1 {Obviously, all the c-pawns would fall
soon.} Nc6 30. Rxc3 ({A simpler way was} 30. Ke4 Nb4 31. a3 $18) 30... Nb4 31.
Rxc4 Nxa2 32. Rxc5 Nb4 33. Ke4 Kh7 34. Rc4 a5 35. Rc5 a4 36. Ra5 Nc6 37. Rxa4
Nd8 {Sergey was able to avoid the loss of his knight, but this is a symbolic
achievement.} 38. Ra6 Nf7 39. Kf5 Nh8 40. h4 Nf7 41. g4 1-0

[Event "London Classic 10th"]
[Site "London"]
[Date "2018.12.13"]
[Round "1.4"]
[White "Caruana, Fabiano"]
[Black "Nakamura, Hikaru"]
[Result "0-1"]
[WhiteElo "2832"]
[BlackElo "2746"]
[PlyCount "108"]
[EventDate "2018.12.11"]
[EventType "k.o."]
[EventRounds "2"]
[EventCountry "ENG"]
[SourceTitle "CBM 188"]
[Source "ChessBase"]
[SourceDate "2018.12.21"]
[SourceVersion "1"]
[SourceVersionDate "2018.12.21"]
[SourceQuality "1"]

1. d4 Nf6 2. c4 e6 3. Nf3 d5 4. Nc3 Be7 5. Bf4 O-O 6. e3 b6 7. cxd5 Nxd5 8.
Nxd5 Qxd5 9. Bd3 Qa5+ 10. Kf1 Ba6 11. Bxc7 Bxd3+ 12. Qxd3 Na6 13. Bg3 Nb4 14.
Qe2 Rfc8 15. a3 Qa4 16. Kg1 Na2 17. h3 Nc1 18. Qf1 Qc2 19. Kh2 Ne2 20. Be5 Qxb2
21. d5 Nc3 22. dxe6 fxe6 23. Rd1 Qxa3 24. Rd7 Nd5 25. Nd4 Bf6 26. Bg3 Bxd4 27.
exd4 Qa4 28. Rd6 Rc6 29. Rd7 Rcc8 30. Rd6 Qe8 31. Qa6 Rc6 32. Ra1 Rxd6 33. Bxd6
Qd7 34. Be5 Nb4 35. Qe2 Nc6 36. Bg3 Qd5 37. Qa6 Nxd4 38. Rc1 Nf5 39. Rc8+ Rxc8
40. Qxc8+ Kf7 41. Qc7+ Kf6 42. Bf4 e5 43. Bc1 h6 44. Bb2 Qc5 45. Qb8 a5 46. f4
Kg6 47. Bxe5 Qc6 48. Qa7 h5 49. h4 a4 50. Qa6 Kh7 51. Qd3 Qg6 52. g3 Nh6 53.
Qc4 Ng4+ 54. Kh3 Qb1 0-1

[Event "London Classic 10th"]
[Site "London"]
[Date "2018.12.13"]
[Round "1.6"]
[White "Caruana, Fabiano"]
[Black "Nakamura, Hikaru"]
[Result "0-1"]
[WhiteElo "2832"]
[BlackElo "2746"]
[PlyCount "100"]
[EventDate "2018.12.11"]
[EventType "k.o."]
[EventRounds "2"]
[EventCountry "ENG"]
[SourceTitle "CBM 188"]
[Source "ChessBase"]
[SourceDate "2018.12.21"]
[SourceVersion "1"]
[SourceVersionDate "2018.12.21"]
[SourceQuality "1"]

1. d4 Nf6 2. c4 e6 3. Nf3 d5 4. Nc3 Be7 5. Bf4 O-O 6. e3 b6 7. Rc1 Ba6 8. Qa4
dxc4 9. Bxc4 Bb7 10. O-O a6 11. Be2 Nbd7 12. Rfd1 b5 13. Qc2 Rc8 14. Ne5 c5 15.
dxc5 Rxc5 16. Qb1 Qe8 17. Nxd7 Nxd7 18. Ne4 Rxc1 19. Rxc1 Qa8 20. Bf3 Rc8 21.
Rd1 Nf6 22. Ng5 h6 23. Bxb7 Qxb7 24. Nf3 Qe4 25. Be5 Qxb1 26. Rxb1 Ne4 27. Ne1
f6 28. Bg3 Rd8 29. Nf3 Rc8 30. Ne1 e5 31. f3 Nd2 32. Rd1 Nc4 33. Rd7 Bc5 34. b3
Nxe3 35. Bf2 Nf5 36. g4 Nd4 37. Kf1 Ne6 38. h4 Bxf2 39. Kxf2 Nf4 40. Rd6 a5 41.
Ra6 Rd8 42. Rxa5 Rd2+ 43. Kf1 Nh3 44. Nd3 Rxd3 45. Rxb5 Rxf3+ 46. Ke1 Rf2 47.
a4 Ra2 48. a5 Nf4 49. Kd1 e4 50. Kc1 e3 0-1

[Event "London Classic 10th"]
[Site "London"]
[Date "2018.12.13"]
[Round "1.7"]
[White "Nakamura, Hikaru"]
[Black "Caruana, Fabiano"]
[Result "1-0"]
[WhiteElo "2746"]
[BlackElo "2832"]
[PlyCount "103"]
[EventDate "2018.12.11"]
[EventType "k.o."]
[EventRounds "2"]
[EventCountry "ENG"]
[SourceTitle "CBM 188"]
[Source "ChessBase"]
[SourceDate "2018.12.21"]
[SourceVersion "1"]
[SourceVersionDate "2018.12.21"]
[SourceQuality "1"]

1. Nf3 d5 2. e3 Nf6 3. c4 c6 4. b3 Bf5 5. Bb2 e6 6. Nc3 h6 7. d4 Be7 8. Bd3 O-O
9. O-O Nbd7 10. Qc2 Bg4 11. Ne5 Nxe5 12. dxe5 Nd7 13. h3 Bh5 14. g4 Bg6 15.
Bxg6 fxg6 16. Qxg6 Rf7 17. Ne2 Nf8 18. Qc2 Rc8 19. Rad1 Bc5 20. Kg2 Qh4 21. Bd4
Be7 22. f4 Bb4 23. cxd5 exd5 24. f5 h5 25. Rf4 Nh7 26. Ng3 c5 27. gxh5 Qd8 28.
Bb2 d4 29. e6 Rfc7 30. Qc4 b5 31. e7+ bxc4 32. exd8=Q+ Rxd8 33. bxc4 d3 34. h6
gxh6 35. Rg4+ Kf8 36. Ne4 Ng5 37. Nxg5 hxg5 38. Rxg5 d2 39. Kf3 Rh7 40. Rg3
Rdd7 41. Be5 Rh5 42. Kg4 Rdh7 43. Bf6 R5h6 44. Bg5 Ra6 45. e4 Rxa2 46. Rd3 Rc2
47. Bxd2 Rxc4 48. Rd8+ Kf7 49. Bxb4 Rxe4+ 50. Kf3 Re7 51. Bxc5 Rxh3+ 52. Kg4
1-0

[Event "London Classic 10th"]
[Site "London"]
[Date "2018.12.13"]
[Round "1.8"]
[White "Caruana, Fabiano"]
[Black "Nakamura, Hikaru"]
[Result "0-1"]
[WhiteElo "2832"]
[BlackElo "2746"]
[PlyCount "78"]
[EventDate "2018.12.11"]
[EventType "k.o."]
[EventRounds "2"]
[EventCountry "ENG"]
[SourceTitle "CBM 188"]
[Source "ChessBase"]
[SourceDate "2018.12.21"]
[SourceVersion "1"]
[SourceVersionDate "2018.12.21"]
[SourceQuality "1"]

1. d4 Nf6 2. c4 g6 3. Nc3 Bg7 4. e4 d6 5. h3 O-O 6. Be3 e5 7. d5 a5 8. g4 Na6
9. Nge2 Nd7 10. Qd2 Ndc5 11. Ng3 c6 12. Be2 cxd5 13. cxd5 a4 14. h4 Bd7 15. h5
Rc8 16. Kf1 a3 17. b3 Qa5 18. Rc1 f6 19. Kg2 Nb4 20. hxg6 hxg6 21. Bh6 Rf7 22.
Rh2 Bxh6 23. Qxh6 Rg7 24. Rch1 Rf8 25. Qc1 Nbd3 26. Qd2 Nf4+ 27. Kg1 Kf7 28.
Rh7 Rc8 29. Bc4 b5 30. Nge2 g5 31. Nxf4 gxf4 32. g5 Rcg8 33. Be2 Kf8 34. Kf1
fxg5 35. f3 b4 36. Nd1 Nxb3 37. Qc2 Nd4 38. Qc1 b3 39. axb3 a2 0-1

[Event "London Classic 10th"]
[Site "London"]
[Date "2018.12.17"]
[Round "2.8"]
[White "Nakamura, Hikaru"]
[Black "Vachier Lagrave, Maxime"]
[Result "1-0"]
[WhiteElo "2746"]
[BlackElo "2781"]
[PlyCount "57"]
[EventDate "2018.12.11"]
[EventType "k.o."]
[EventRounds "2"]
[EventCountry "ENG"]
[SourceTitle "CBM 188"]
[Source "ChessBase"]
[SourceDate "2018.12.21"]
[SourceVersion "1"]
[SourceVersionDate "2018.12.21"]
[SourceQuality "1"]

1. Nf3 c5 2. c4 Nf6 3. Nc3 d5 4. cxd5 Nxd5 5. e3 Nxc3 6. bxc3 g6 7. Bb5+ Bd7 8.
Be2 Bg7 9. O-O O-O 10. d4 Bc6 11. Ba3 cxd4 12. cxd4 Re8 13. Rc1 Qa5 14. Qb3 Nd7
15. Bb4 Qf5 16. Bd3 Qh5 17. e4 e6 18. h3 Rad8 19. Rfe1 a5 20. Bd2 a4 21. Qb1
Rc8 22. Be2 Bf6 23. Rcd1 Red8 24. Ng5 Qh4 25. g3 Qh6 26. Nxf7 Qxh3 27. Bf1 Qh5
28. Be2 Qh3 29. Bg4 1-0